Statistics for European City to Building - Picture Quiz #2

Click here to take the quiz!

General Stats

  • This quiz has been taken 83 times
  • The average score is 8 of 15

Answer Stats

Answer% Correct
London
91%
Amsterdam
81%
Berlin
78%
Paris
69%
Stockholm
59%
Munich
57%
Barcelona
53%
Warsaw
53%
Vienna
47%
Oslo
44%
Rotterdam
40%
Granada
31%
Lisbon
29%
Tallinn
28%
The Hague
28%

Score Distribution

Percentile by Number Answered

Percent of People with Each Score

Your Score History

You have not taken this quiz